Personnages d'anime (manga) en images - A - Statistiques

Statistiques générales
  • Ce quiz a été pris 346 fois
    306 depuis la dernière actualisation
  • Le résultat moyen est 4 sur 20
Statistiques - réponses
Par images Réponse % Correct
Akamaru
74%
Aoi Todo
58%
Aqua
45%
Alex Louis Armstrong
43%
Alice Zuberg
35%
Asahi Azumane
18%
Arataka Reigen
15%
Arslan
15%
Ashito Aoi
14%
Akane Tsunemori
13%
Ais/Aiz Wallenstein
12%
Akitaru Obi
12%
Akira Midosuji
10%
Allen Walker
6%
Anju Emma
6%
Ayumi Yoshida
6%
Akito Takagi
4%
Aries Spring
1%
Ayame Shaga
1%
Akihito Narihisago
0%
Aucun quiz correspondant
Distribution des résultats
% des personnes avec chaque résultat
Percentile par nombre de réponses
Votre historique - résultats
Vous n’avez pas pris ce quiz depuis la dernière actualisation